Discursos leídos en las sesiones públicas que para dar posesión de plazas de número ha celebrado la Real Academia de la Historia, (Record no. 170708)

MARC details
000 -LEADER
campo de control de longitud fija 01774nam a2200181 i 4500
001 - NÚMERO DE CONTROL
campo de control 170708
003 - IDENTIFICADOR DE NÚMERO DE CONTROL
campo de control ES-MaACL
005 - FECHA Y HORA DE LA ÚLTIMA TRANSACCIÓN
campo de control 20230906214435.0
008 - DATOS DE LONGITUD FIJA--INFORMACIÓN GENERAL
campo de control de longitud fija 090331s18631867sp |||| | spa d
080 ## - NÚMERO DE LA CLASIFICACIÓN DECIMAL UNIVERSAL
Número de la Clasificación Decimal Universal 94(460)
110 2# - ENTRADA PRINCIPAL--NOMBRE DE ENTIDAD CORPORATIVA
Nombre de entidad corporativa o nombre de jurisdicción como elemento de entrada Real Academia de la Historia (España)
9 (RLIN) 6309
245 10 - MENCIÓN DEL TÍTULO
Título Discursos leídos en las sesiones públicas que para dar posesión de plazas de número ha celebrado la Real Academia de la Historia,
Fechas extremas/inclusivas 1863-1867.
260 ## - PUBLICACIÓN, DISTRIBUCIÓN, ETC.
Lugar de publicación, distribución, etc. Madrid :
Nombre del editor, distribuidor, etc. [s.n.],
Fecha de publicación, distribución, etc. 1863 (
Fabricante Imp. de José Rodríguez)
300 ## - DESCRIPCIÓN FÍSICA
Extensión 1 v. ;
Dimensiones 27 cm.
505 0# - NOTA DE CONTENIDO CON FORMATO
Nota de contenido con formato Periplos ibéricos / José Oliver y Hurtado (55 p.). Contestación / Carlos Ramón Fort (p. 57-71). Reseña histórico-crítica de los historiadores arábigo españoles / José Moreno Nieto (42 p., 32 p. de apéndice). Contestación / Emilio Lafuente Alcántara (19 p.). Cortes / Antonio Alcalá Galiano (25 p.). Contestación / Antonio Benavides (p. 28-49). Sobre los caracteres de la Iglesia española / Fernando de Castro y Pajares (99 p.). Contestación / Manuel Colmeiro (p. 102-119). Reino de Pamplona / Manuel Oliver y Hurtado (126 p.). Historia del gran imperio colonial que por espacio de tres siglos poseyó España al otro lado del Atlántico / Jacobo de la Pezuela (52 p.). Contestación / Vicente de la Fuente (p.53-67). Noticias descriptivas de pueblos de Castilla, recogidas en la segunda mitad del siglo XVI / Fermín Caballero (64 p.). Contestación / Cayetano Rosell (p. 65-84). El Ministerio Fiscal / José María Huet (82 p.). Contestación / Antonio Benavides (p. 83-100). La idea del Imperio en el mundo antiguo y su influencia ulterior en la Península Ibérica / Francisco Fernández González (55 p.).
651 #4 - PUNTO DE ACCESO ADICIONAL DE MATERIA--NOMBRE GEOGRÁFICO
Nombre geográfico España-
Subdivisión general Historia.
9 (RLIN) 8209
852 ## - LOCALIZACIÓN
Ubicación ES-MaACL
Número de control de estantería K-118
Nota libre - Enc. pasta española
Holdings
Estatus retirado Estado de pérdida Estado de daño No para préstamo Colección Biblioteca de origen Biblioteca actual Ubicación en estantería Fecha de adquisición Total de préstamos Signatura topográfica completa Código de barras Visto por última vez Precio de reemplazo Tipo de ítem Koha
        Libros del s. XIX Biblioteca del Ateneo de Madrid Biblioteca del Ateneo de Madrid Administración 31/03/2009   K-118 1179150 23/02/2023 23/02/2023 Libro impreso antiguo